000
00327nam a2200133Ia 4500
005
20260326235505.0
008
260326s9999||||xx |||||||||||||| ||und||
100
_a
Galí, Monserrat
245
0
_a
Nacimiento del Canal de Panamá /
_c
Monserrat Galí
260
_b
Timun Mas
300
_a
90 p.
650
_a
HISTORIA
942
_c
BK
999
_c
8164
_d
8164